书目信息 |
| 题名: |
企业竞争情报系统
|
|
| 作者: | 包昌火 , 谢新洲 编著 | |
| 分册: | ||
| 出版信息: | 北京 华夏出版社 2002 |
|
| 页数: | 311页 | |
| 开本: | 21cm | |
| 丛书名: | 竞争情报丛书 | |
| 单 册: | ||
| 中图分类: | F274 , G35 , F270 | |
| 科图分类: | ||
| 主题词: | 企业管理--市场竞争--情报工作 , CT--S058305--企业管理 , CT--S068159--市场竞争 , CT--S060358--情报工作 | |
| 电子资源: | ||
| ISBN: | 7-5080-2639-X | |
| 000 | 01187nam0 2200337 45 | |
| 001 | 012002018536 | |
| 005 | 20031219104121.7 | |
| 010 | @a7-5080-2639-X@dCNY22.00 | |
| 100 | @a20020228d2002 em y0chiy0110 ea | |
| 101 | 0 | @achi |
| 102 | @aCN@b110000 | |
| 105 | @ay z 000yy | |
| 106 | @ar | |
| 200 | 1 | @a企业竞争情报系统@9qi ye jing zheng qing bao xi tong@f包昌火,谢新洲编著@FBao Chang Huo,Xie Xin Zhou Bian Zhu |
| 210 | @a北京@c华夏出版社@d2002 | |
| 215 | @a311页@d21cm | |
| 225 | 2 | @a竞争情报丛书 |
| 314 | @a包昌火,中国兵器工业情报研究所研究员,北京科技咨询业协会监事长,主编有《情报研究方法论》等。 | |
| 330 | @a本书论述了竞争情报重要内容之一的竞争情报系统的基本问题,包括竞争情报系统的结构与功能、竞争情报系统的设计与运行、竞争情报系统的未来发展,并结合国内外的具体实践对典型案例进行剖析。 | |
| 461 | 0 | @12001 @a竞争情报丛书 |
| 606 | 0 | @a企业管理@x市场竞争@x情报工作 |
| 606 | 0 | @2CT@3S058305@a企业管理 |
| 606 | 0 | @2CT@3S068159@a市场竞争 |
| 606 | 0 | @2CT@3S060358@a情报工作 |
| 690 | @aF274@v4 | |
| 690 | @aG35@v4 | |
| 690 | @aF270 | |
| 701 | 0 | @a包昌火@4编著 |
| 701 | 0 | @a谢新洲@4编著 |
| 801 | @aCN@bTSTC@c20031118 | |
| 905 | @b328436@dF270@e142@f1 | |
| 企业竞争情报系统/包昌火,谢新洲编著.-北京:华夏出版社,2002 |
| 311页;21cm.-(竞争情报丛书) |
| ISBN 7-5080-2639-X:CNY22.00 |
| 本书论述了竞争情报重要内容之一的竞争情报系统的基本问题,包括竞争情报系统的结构与功能、竞争情报系统的设计与运行、竞争情报系统的未来发展,并结合国内外的具体实践对典型案例进行剖析。 |
| ● |
| 相关链接 |
|
|
|
|
正题名:企业竞争情报系统
索取号:F270/142
 
预约/预借
| 序号 | 登录号 | 条形码 | 馆藏地/架位号 | 状态 | 备注 |
| 1 | 0328436 | 203284365 | 第一样本阅览室/ [索取号:F270/142] | 在馆 |